Kom, kom, kominár (Record no. 21440)
[ view plain ]
| 000 -LEADER | |
|---|---|
| fixed length control field | 01406cam a2200421 a 4500 |
| 001 - CONTROL NUMBER | |
| control field | 21440 |
| 003 - CONTROL NUMBER IDENTIFIER | |
| control field | VRT |
| 005 - DATE AND TIME OF LATEST TRANSACTION | |
| control field | 20260302112505.0 |
| 008 - FIXED-LENGTH DATA ELEMENTS--GENERAL INFORMATION | |
| fixed length control field | 060510s2006 xr a a 000 p slo |
| 015 ## - NATIONAL BIBLIOGRAPHY NUMBER | |
| National bibliography number | SNBZSA2016/11 |
| 020 ## - INTERNATIONAL STANDARD BOOK NUMBER | |
| International Standard Book Number | 8072672207 |
| Qualifying information | (viazané) |
| 039 #9 - LEVEL OF BIBLIOGRAPHIC CONTROL AND CODING DETAIL [OBSOLETE] | |
| Level of rules in bibliographic description | 202511051854 |
| Level of effort used to assign nonsubject heading access points | msnk116 |
| Level of effort used to assign subject headings | 202312031510 |
| Level of effort used to assign classification | AUTHORITY |
| Level of effort used to assign subject headings | 202312031459 |
| Level of effort used to assign classification | AUTHORITY |
| Level of effort used to assign subject headings | 201701101113 |
| Level of effort used to assign classification | mbjkdg02 |
| 040 ## - CATALOGING SOURCE | |
| Original cataloging agency | POKPOH |
| Language of cataloging | slo |
| Transcribing agency | POKPOH |
| Modifying agency | SNK |
| Description conventions | AACR 2 |
| 041 0# - LANGUAGE CODE | |
| Language code of text/sound track or separate title | slo |
| 044 ## - COUNTRY OF PUBLISHING/PRODUCING ENTITY CODE | |
| MARC country code | xr |
| ISO country code | CZ |
| 072 #7 - SUBJECT CATEGORY CODE | |
| Subject category code | 821-93 |
| Subject category code subdivision | Literatúra pre deti a mládež (beletria) |
| Source | konspekt |
| 080 ## - UNIVERSAL DECIMAL CLASSIFICATION NUMBER | |
| Universal Decimal Classification number | 82-93-053.2 |
| Edition identifier | 2011 |
| 080 ## - UNIVERSAL DECIMAL CLASSIFICATION NUMBER | |
| Universal Decimal Classification number | (0.05) |
| Edition identifier | 2011 |
| 080 ## - UNIVERSAL DECIMAL CLASSIFICATION NUMBER | |
| Universal Decimal Classification number | 82-94 |
| Edition identifier | 2011 |
| 080 ## - UNIVERSAL DECIMAL CLASSIFICATION NUMBER | |
| Universal Decimal Classification number | (0.025.2) |
| Edition identifier | 2011 |
| 245 00 - TITLE STATEMENT | |
| Title | Kom, kom, kominár |
| Statement of responsibility, etc. | [ilustrácie Vladimíra Vopičková] |
| 260 ## - PUBLICATION, DISTRIBUTION, ETC. | |
| Place of publication, distribution, etc. | Říčany u Prahy |
| Name of publisher, distributor, etc. | Junior |
| Date of publication, distribution, etc. | 2006 |
| 300 ## - PHYSICAL DESCRIPTION | |
| Extent | [6] skladacích obojstranných strán |
| Other physical details | fareb. ilustr. |
| Dimensions | 21 cm |
| 490 1# - SERIES STATEMENT | |
| Series statement | Vakát |
| 500 ## - GENERAL NOTE | |
| General note | Ilustrované leporelo |
| 500 ## - GENERAL NOTE | |
| General note | Názov z obalu |
| 655 #7 - INDEX TERM--GENRE/FORM | |
| Genre/form data or focus term | publikácie pre deti |
| Source of term | SNKPH |
| 655 #7 - INDEX TERM--GENRE/FORM | |
| Genre/form data or focus term | Children's literature |
| Source of term | SNKPHeng |
| 655 #7 - INDEX TERM--GENRE/FORM | |
| Genre/form data or focus term | riekanky |
| Source of term | SNKPH |
| 655 #7 - INDEX TERM--GENRE/FORM | |
| Genre/form data or focus term | Nursery rhymes |
| Source of term | SNKPHeng |
| 655 #7 - INDEX TERM--GENRE/FORM | |
| Genre/form data or focus term | leporelá |
| Source of term | SNKPH |
| 655 #7 - INDEX TERM--GENRE/FORM | |
| Genre/form data or focus term | Picture books for children |
| Source of term | SNKPHeng |
| 700 1# - ADDED ENTRY--PERSONAL NAME | |
| Personal name | Vopičková, Vladimíra, |
| Dates associated with a name | 1965- |
| Relationship | ill |
| 830 #0 - SERIES ADDED ENTRY--UNIFORM TITLE | |
| Uniform title | Vakát |
| 910 ## - USER-OPTION DATA (OCLC) | |
| User-option data | bjkdg |
| 942 ## - ADDED ENTRY ELEMENTS (KOHA) | |
| Source of classification or shelving scheme | Dewey Decimal Classification |
| Koha item type | Krásna literatúra pre deti |
| Suppress in OPAC | No |
| 949 ## - LOCAL PROCESSING INFORMATION (OCLC) | |
| 6 | 17A1217641 |
| a | snkOSC 27775 |
| b | snk2016/25698 |
| o | Pemic98-ah/13Int. č. fa – 75/2016 |
| Stav vyradenia | Strata | Poškodenie | Spôsob nadobudnutia | Domovská knižnica | Aktuálna knižnica | Dátum nadobudnutia | Total checkouts | Čiarový kód exemplára | Date last seen | Typ exemplára |
|---|---|---|---|---|---|---|---|---|---|---|
| Dar | Obecná knižnica Turčianska Štiavnička | Obecná knižnica Turčianska Štiavnička | 02.03.2026 | 4738000133 | 02.03.2026 | Krásna literatúra pre deti | ||||
| Dar | Obecná knižnica Turčianska Štiavnička | Obecná knižnica Turčianska Štiavnička | 02.03.2026 | 4738000135 | 02.03.2026 | Krásna literatúra pre deti |
